Triathlon 2023 : De quel pays est originaire le champion du monde ? - Statistiques

Statistiques générales
  • Ce quiz a été pris 49 fois
  • Le résultat moyen est 6 sur 11
Statistiques - réponses
Hint Réponse % Correct
Triathlon - 7 épreuves Championnat du monde élite H France
85%
Triathlon longue distance Championnat du monde H France
85%
Triathlon sprint Championnat du monde de triathlon sprint F France
78%
Triathlon - 7 épreuves Championnat du monde élite F Royaume-Uni
73%
Triathlon longue distance Championnat du monde F France
61%
Triathlon cross Elites Championnat du monde cross H France
59%
Triathlon cross U23 Championnat du monde cross H France
54%
Triathlon sprint Championnat du monde de triathlon sprint H Nouvelle-Zélande
54%
Triathlon relais mixte Championnat du monde Mixte Allemagne
44%
Triathlon cross U23 Championnat du monde cross F Portugal
15%
Triathlon cross Elites Championnat du monde cross F Italie
12%
Aucun quiz correspondant
Distribution des résultats
% des personnes avec chaque résultat
Percentile par nombre de réponses
Votre historique - résultats
Vous n’avez pas pris ce quiz